Оценка возможности создания коллимирующего устройства для проведения НЗТ на реакторе ИРТ-Т; VII Школа-конференция молодых атомщиков Сибири

書誌詳細
Parent link:VII Школа-конференция молодых атомщиков Сибири.— 2016.— [С. 128]
第一著者: Молодов П. А.
団体著者: Национальный исследовательский Томский политехнический университет (ТПУ) Физико-технический институт (ФТИ) Кафедра физико-энергетических установок (№ 21) (ФЭУ)
その他の著者: Аникин М. Н. Михаил Николаевич, Наймушин А. Г. Артем Георгиевич
要約:Заглавие с титульного экрана
言語:ロシア語
出版事項: 2016
シリーズ:Перспективные направления развития ядерной энергетики. Ядерные технологии в инновационной экономике и ядерной медицине
主題:
オンライン・アクセス:http://earchive.tpu.ru/handle/11683/35625
フォーマット: MixedMaterials 電子媒体 図書の章
KOHA link:https://koha.lib.tpu.ru/cgi-bin/koha/opac-detail.pl?biblionumber=621343

MARC

LEADER 00000naa2a2200000 4500
001 621343
005 20250819093538.0
035 |a (RuTPU)RU\TPU\conf\19910 
035 |a RU\TPU\conf\19909 
090 |a 621343 
100 |a 20161215d2016 k y0rusy50 ca 
101 0 |a rus 
102 |a RU 
105 |a y z 101zy 
135 |a drcn ---uucaa 
181 0 |a i  
182 0 |a b 
200 1 |a Оценка возможности создания коллимирующего устройства для проведения НЗТ на реакторе ИРТ-Т  |f П. А. Молодов, М. Н. Аникин, А. Г. Наймушин 
203 |a Текст  |c электронный 
225 1 |a Перспективные направления развития ядерной энергетики. Ядерные технологии в инновационной экономике и ядерной медицине 
300 |a Заглавие с титульного экрана 
320 |a [Библиогр.: с. 128 (3 назв.)] 
463 1 |0 (RuTPU)RU\TPU\conf\19839  |t VII Школа-конференция молодых атомщиков Сибири  |o сборник тезисов докладов, 19-21 октября 2016 г., г. Северск  |f Росатом [и др.]  |v [С. 128]  |d 2016 
610 1 |a труды учёных ТПУ 
610 1 |a электронные ресурсы 
610 1 |a нейтрон-захватная терапия 
610 1 |a злокачественные опухоли 
610 1 |a нейтроны 
610 1 |a ИРТ-Т 
610 1 |a коллимационные системы 
700 1 |a Молодов  |b П. А. 
701 1 |a Аникин  |b М. Н.  |c специалист в области ядерных технологий  |c начальник службы Томского политехнического университета, кандидат технических наук  |f 1991-  |g Михаил Николаевич  |3 (RuTPU)RU\TPU\pers\32503  |9 16449 
701 1 |a Наймушин  |b А. Г.  |c специалист в области ядерных технологий  |c доцент Томского политехнического университета, кандидат физико-математических наук  |f 1986-  |g Артем Георгиевич  |3 (RuTPU)RU\TPU\pers\26460  |9 12163 
712 0 2 |a Национальный исследовательский Томский политехнический университет (ТПУ)  |b Физико-технический институт (ФТИ)  |b Кафедра физико-энергетических установок (№ 21) (ФЭУ)  |3 (RuTPU)RU\TPU\col\18730 
801 2 |a RU  |b 63413507  |c 20170110  |g RCR 
856 4 |u http://earchive.tpu.ru/handle/11683/35625 
942 |c BK